| Tag |
First Indicator |
Second Indicator |
Subfields |
| LEADER |
00000pam a2200000 a 4500 |
| 001 |
in00000070035 |
| 005 |
20151008061546.0 |
| 008 |
811005s1982 nyu b 00110 eng |
| 010 |
|
|
|a 81016906
|
| 020 |
|
|
|a 0883447169 (pbk.)
|
| 035 |
|
|
|a (OCoLC)07923261
|
| 035 |
|
|
|9 AAJ8323AM
|
| 039 |
0 |
|
|a 2
|b 3
|c 3
|d 3
|e 3
|
| 040 |
|
|
|a DLC
|c DLC
|d TXA
|d UtOrBLW
|
| 049 |
|
|
|a TXAM
|c [1561429]
|
| 050 |
0 |
0 |
|a HD9000.5
|b .T67
|
| 082 |
0 |
|
|a 261.8/5
|2 19
|
| 100 |
1 |
|
|a Toton, Suzanne C.
|
| 245 |
1 |
0 |
|a World hunger :
|b the responsibility of Christian education /
|c Suzanne C. Toton.
|
| 264 |
|
1 |
|a Maryknoll, N.Y. :
|b Orbis Books,
|c [1982]
|
| 264 |
|
4 |
|c ©1982
|
| 300 |
|
|
|a xiv, 210 pages ;
|c 24 cm.
|
| 336 |
|
|
|a text
|b txt
|2 rdacontent
|
| 337 |
|
|
|a unmediated
|b n
|2 rdamedia
|
| 338 |
|
|
|a volume
|b nc
|2 rdacarrier
|
| 500 |
|
|
|a Includes index.
|
| 504 |
|
|
|a Bibliography: pages 183-203.
|
| 650 |
|
0 |
|a Food supply.
|
| 650 |
|
0 |
|a Food relief
|x International cooperation.
|
| 650 |
|
0 |
|a Agricultural assistance
|x International cooperation.
|
| 650 |
|
0 |
|a Church and developing countries.
|
| 650 |
|
0 |
|a Christian education.
|
| 999 |
|
|
|a MARS
|
| 999 |
f |
f |
|s 439b981e-1fb9-3be5-b9aa-a3690bfc4d74
|i fe50069f-c653-3ce3-a4ac-0bf95d9fc978
|t 0
|
| 952 |
f |
f |
|p ric
|a Texas A&M University
|b Rellis Campus
|c Joint Library Facility
|d Remote Storage
|t 0
|e HD9000.5 .T67
|h Library of Congress classification
|i unmediated -- volume
|m A14806130185
|
| 998 |
f |
f |
|a HD9000.5 .T67
|t 0
|l Remote Storage
|